<?xml version="1.0" encoding="UTF-8"?><?xml-stylesheet type="text/xsl" href="static/style.xsl"?><OAI-PMH xmlns="http://www.openarchives.org/OAI/2.0/" xmlns:xsi="http://www.w3.org/2001/XMLSchema-instance" xsi:schemaLocation="http://www.openarchives.org/OAI/2.0/ http://www.openarchives.org/OAI/2.0/OAI-PMH.xsd"><responseDate>2026-04-17T03:49:17Z</responseDate><request verb="GetRecord" identifier="oai:www.recercat.cat:10459.1/466967" metadataPrefix="marc">https://recercat.cat/oai/request</request><GetRecord><record><header><identifier>oai:recercat.cat:10459.1/466967</identifier><datestamp>2025-09-15T18:26:34Z</datestamp><setSpec>com_2072_3622</setSpec><setSpec>col_2072_479130</setSpec></header><metadata><record xmlns="http://www.loc.gov/MARC21/slim" xmlns:dcterms="http://purl.org/dc/terms/" xmlns:xsi="http://www.w3.org/2001/XMLSchema-instance" xmlns:doc="http://www.lyncode.com/xoai" xsi:schemaLocation="http://www.loc.gov/MARC21/slim http://www.loc.gov/standards/marcxml/schema/MARC21slim.xsd">
   <leader>00925njm 22002777a 4500</leader>
   <datafield ind2=" " ind1=" " tag="042">
      <subfield code="a">dc</subfield>
   </datafield>
   <datafield ind2=" " ind1=" " tag="720">
      <subfield code="a">Blanco Blanco, Joan</subfield>
      <subfield code="e">author</subfield>
   </datafield>
   <datafield ind2=" " ind1=" " tag="720">
      <subfield code="a">Gea Sánchez, Montserrat</subfield>
      <subfield code="e">author</subfield>
   </datafield>
   <datafield ind2=" " ind1=" " tag="720">
      <subfield code="a">Valenzuela Pascual, Francesc</subfield>
      <subfield code="e">author</subfield>
   </datafield>
   <datafield ind2=" " ind1=" " tag="720">
      <subfield code="a">Barallat Gimeno, Eva</subfield>
      <subfield code="e">author</subfield>
   </datafield>
   <datafield ind2=" " ind1=" " tag="720">
      <subfield code="a">Espart Herrero, Anna</subfield>
      <subfield code="e">author</subfield>
   </datafield>
   <datafield ind2=" " ind1=" " tag="720">
      <subfield code="a">Escobar Bravo, Miguel Ángel</subfield>
      <subfield code="e">author</subfield>
   </datafield>
   <datafield ind2=" " ind1=" " tag="260">
      <subfield code="c">2017</subfield>
   </datafield>
   <datafield ind2=" " ind1=" " tag="520">
      <subfield code="a">Aim: To explore the concordance between the presence of classic signs of infection and the positive diagnosis identified by the microbiological culture of fluid collected by percutaneous aspiration.
Background: The classic signs of infection are commonly applied in some contexts to confirm infection in pressure injuries, but its accuracy has been questioned in chronic wounds. Little is known about the concordance of this method with others, such as the deep fluid culture from pressure injuries collected by percutaneous aspiration.
Design: Multicentre, cross-sectional observational study.
Methods: Pressure injuries of patients from four health centres were analysed. Three types of data were recorded between February 2011 and March 2012: i) socio-demographic and clinical data, ii) number and type of infection signs and iii) microbiological results of deep fluid culture from injuries. The concordance was calculated with the kappa index to find a possible concordance between both methods.
Results: On 40·2% (n = 47) of injuries, two or more classic signs of infection or purulent exudate as unique sign were present, while the total positive results in the microbiological cultures were 50·4% (n = 59). The disparity of positive results, depending on the location and the stage of the pressure injury and the method applied, suggested a poor concordance between methods. The -0·092 kappa index confirmed the non-concordance of the analysed methods.
Conclusions: The tandem strategy is not useful to indicate an infection in pressure injuries. We advocate exploring other signs of infection and the adoption of other more reliable signs together with the classic signs of infection.</subfield>
   </datafield>
   <datafield tag="653" ind2=" " ind1=" ">
      <subfield code="a">Infection</subfield>
   </datafield>
   <datafield tag="653" ind2=" " ind1=" ">
      <subfield code="a">Microbiological technique</subfield>
   </datafield>
   <datafield tag="653" ind2=" " ind1=" ">
      <subfield code="a">Nursing</subfield>
   </datafield>
   <datafield tag="653" ind2=" " ind1=" ">
      <subfield code="a">Pressure injury</subfield>
   </datafield>
   <datafield tag="653" ind2=" " ind1=" ">
      <subfield code="a">Signs and symptoms</subfield>
   </datafield>
   <datafield ind2="0" ind1="0" tag="245">
      <subfield code="a">Are the classic signs of infection in concordance with results from percutaneous aspiration to diagnose infection in pressure injuries?</subfield>
   </datafield>
</record></metadata></record></GetRecord></OAI-PMH>